000 00310nam a2200133Ia 4500
008 260604s9999 xx 000 0 und d
020 _a9780340894576
082 _a823.91 BLY
100 _aBLYTON
_935387
245 0 _aFAMOUS FIVE 4 FIVE GO TO SMUGGLERS TOP
260 _bHAC
500 _aFamous
942 _cBK
999 _c8200
_d8200